[Event "North Sea Cup 22nd"]
[Site "Esbjerg"]
[Date "2007.07.19"]
[Round "9"]
[White "Bonnelykke, Ole"]
[Black "Aagaard, Kasper"]
[Result "1-0"]
[WhiteElo "2087"]
[BlackElo "1914"]
[PlyCount "45"]
[EventDate "2007.07.13"]
[EventType "swiss"]
[EventRounds "10"]
[EventCountry "DEN"]
[SourceTitle "CBM 119 Extra"]
[Source "ChessBase"]
[SourceDate "2007.09.04"]
[SourceVersion "1"]
[SourceVersionDate "2007.09.04"]
[SourceQuality "1"]

1. e4 e6 2. d4 d5 3. Nc3 dxe4 4. f3 exf3 5. Nxf3 Nf6 6. Bd3 Nbd7 7. Be3 b6 8. Qe2 Bb7 9. 0-0-0 Bb4 10. Rhf1 Qe7 11. Bd2 0-0 12. Ne5 c5 13. Nxd7 Nxd7 14. d5 Rfe8 15. Qh5 Nf8 16. dxe6 Qxe6 17. Bf5 Qc4 18. Rf4 Qa6 19. Bd3 Qa5 20. Qxf7+ Kh8 21. Qxb7 Ne6 22. Rh4 h6 23. Rxh6+ 1-0

[Event "North Sea Cup 22nd"]
[Site "Esbjerg"]
[Date "2007.07.18"]
[Round "8"]
[White "Aagaard, Kasper"]
[Black "Jensen, Leif Haugaard"]
[Result "1/2-1/2"]
[WhiteElo "1914"]
[BlackElo "2113"]
[PlyCount "39"]
[EventDate "2007.07.13"]
[EventType "swiss"]
[EventRounds "10"]
[EventCountry "DEN"]
[SourceTitle "CBM 119 Extra"]
[Source "ChessBase"]
[SourceDate "2007.09.04"]
[SourceVersion "1"]
[SourceVersionDate "2007.09.04"]
[SourceQuality "1"]

1. e4 e6 2. d4 d5 3. Nd2 dxe4 4. Nxe4 Nd7 5. Nf3 Ngf6 6. Bd3 Nxe4 7. Bxe4 Nf6 8. Bd3 c5 9. dxc5 Bxc5 10. 0-0 h6 11. Bf4 0-0 12. c3 Qe7 13. Qe2 Bd7 14. Rad1 Rfd8 15. Rd2 Bc6 16. Rfd1 Bb6 17. Ne5 Bc7 18. Nxc6 bxc6 19. Bxc7 Qxc7 20. Bc2 1/2-1/2

[Event "North Sea Cup 22nd"]
[Site "Esbjerg"]
[Date "2007.07.14"]
[Round "2"]
[White "Petersen, Finn"]
[Black "Aagaard, Kasper"]
[Result "0-1"]
[WhiteElo "2275"]
[BlackElo "1914"]
[PlyCount "44"]
[EventDate "2007.07.13"]
[EventType "swiss"]
[EventRounds "10"]
[EventCountry "DEN"]
[SourceTitle "CBM 119 Extra"]
[Source "ChessBase"]
[SourceDate "2007.09.04"]
[SourceVersion "1"]
[SourceVersionDate "2007.09.04"]
[SourceQuality "1"]

1. c4 e5 2. Nc3 c5 3. e3 Nc6 4. Nf3 d6 5. Be2 g6 6. 0-0 Bg7 7. a3 Nge7 8. Rb1 a5 9. d3 0-0 10. Bd2 b6 11. Qb3 Bb7 12. Nd5 Nxd5 13. cxd5 Ne7 14. e4 h6 15. Be3 f5 16. Bd2 Ba6 17. Rfe1 g5 18. g3 Ng6 19. h3 Ra7 20. Kg2 Raf7 21. Rf1 fxe4 22. Rbe1 exf3+ 0-1

[Event "Copenhagen-ch Obro 70th"]
[Site "Copenhagen"]
[Date "2006.10.21"]
[Round "8"]
[White "Petersen, Nils"]
[Black "Aagaard, Kasper"]
[Result "1-0"]
[WhiteElo "2013"]
[BlackElo "1947"]
[PlyCount "69"]
[EventDate "2006.10.14"]
[EventType "swiss"]
[EventRounds "9"]
[EventCountry "DEN"]
[SourceTitle "EXT 2007"]
[Source "ChessBase"]
[SourceDate "2006.11.23"]
[SourceVersion "1"]
[SourceVersionDate "2006.11.23"]
[SourceQuality "1"]

1. c4 e5 2. Nc3 f5 3. d4 exd4 4. Qxd4 Nc6 5. Qd1 Nf6 6. g3 Be7 7. Bg2 0-0 8. Nh3 Bb4 9. 0-0 Bxc3 10. bxc3 b6 11. Nf4 Bb7 12. Nd5 Nxd5 13. cxd5 Ne5 14. Qd4 d6 15. f4 Nd7 16. e4 fxe4 17. Bxe4 Qf6 18. Be3 Qf7 19. c4 Nc5 20. Bg2 Bc8 21. Qd2 Bf5 22. Bxc5 dxc5 23. Rae1 Rae8 24. Re5 Rxe5 25. fxe5 Qg6 26. Qf4 Qf7 27. e6 Qe7 28. Qe3 Bg6 29. Re1 a6 30. Bf1 Qf6 31. e7 Re8 32. Bh3 Rb8 33. Rf1 Qd6 34. Qe6+ Kh8 35. Qxd6 1-0

[Event "EU-ch U14"]
[Site "Herceg Novi"]
[Date "2005.09.20"]
[Round "6"]
[White "Mueller, Reinhold"]
[Black "Aagaard, Kasper"]
[Result "1-0"]
[WhiteElo "2134"]
[BlackElo "1913"]
[PlyCount "47"]
[EventDate "2005.09.14"]
[EventType "swiss"]
[EventRounds "9"]
[EventCountry "YUG"]
[SourceTitle "CBM 108 Extra"]
[Source "ChessBase"]
[SourceDate "2005.11.04"]
[SourceVersion "1"]
[SourceVersionDate "2005.11.04"]
[SourceQuality "1"]

1. d4 d5 2. c4 e6 3. Nf3 Be7 4. g3 Nf6 5. Bg2 0-0 6. 0-0 Nbd7 7. Qc2 b6 8. cxd5 Nxd5 9. a3 Bb7 10. e4 N5f6 11. Nc3 c5 12. Rd1 cxd4 13. Nxd4 e5 14. Nf5 Rc8 15. Qe2 Re8 16. Bg5 Rc6 17. Bxf6 Rxf6 18. Bh3 Bc6 19. Nd5 Bxd5 20. Rxd5 Bc5 21. b4 Bf8 22. Rad1 g6 23. Rxd7 Qc8 24. Ne3 1-0

[Event "EU-ch U14"]
[Site "Herceg Novi"]
[Date "2005.09.16"]
[Round "3"]
[White "Leniart, Arkadiusz"]
[Black "Aagaard, Kasper"]
[Result "1-0"]
[WhiteElo "2269"]
[BlackElo "1913"]
[PlyCount "67"]
[EventDate "2005.09.14"]
[EventType "swiss"]
[EventRounds "9"]
[EventCountry "YUG"]
[SourceTitle "CBM 108 Extra"]
[Source "ChessBase"]
[SourceDate "2005.11.04"]
[SourceVersion "1"]
[SourceVersionDate "2005.11.04"]
[SourceQuality "1"]

1. d4 d5 2. c4 e6 3. Nf3 Nf6 4. Nc3 Be7 5. e3 0-0 6. Bd3 Nbd7 7. 0-0 c6 8. Qe2 Re8 9. Rd1 Bd6 10. h3 Nf8 11. e4 e5 12. dxe5 Bxe5 13. Nxe5 Rxe5 14. f4 Re8 15. cxd5 Nxd5 16. Nxd5 cxd5 17. e5 Bd7 18. Be3 f6 19. Bd4 Ne6 20. Qh5 Nxd4 21. Bxh7+ Kf8 22. Rxd4 Qb6 23. Rad1 Rec8 24. Bg6 Be6 25. exf6 gxf6 26. Qh6+ Ke7 27. Qg7+ Kd6 28. Qxf6 Rf8 29. Qe5+ Kd7 30. Kh2 Rad8 31. Rxd5+ Bxd5 32. Rxd5+ Kc6 33. Rxd8 Rxd8 34. Be8+ 1-0

[Event "North Sea Cup 20th"]
[Site "Esbjerg"]
[Date "2005.07.03"]
[Round "3"]
[White "Govashelishvili, Genadij"]
[Black "Aagaard, Kasper"]
[Result "1-0"]
[WhiteElo "2389"]
[BlackElo "1913"]
[PlyCount "55"]
[EventDate "2005.07.02"]
[EventType "swiss"]
[EventRounds "9"]
[EventCountry "DEN"]
[SourceTitle "CBM 107 Extra"]
[Source "ChessBase"]
[SourceDate "2005.09.01"]
[SourceVersion "1"]
[SourceVersionDate "2005.09.01"]
[SourceQuality "1"]

1. d4 d5 2. c4 e6 3. Nc3 Nf6 4. Nf3 Nbd7 5. cxd5 exd5 6. Bf4 c6 7. e3 Bb4 8. Bd3 0-0 9. 0-0 Re8 10. Qc2 Nf8 11. Bg5 Ng6 12. Ne5 Bd6 13. f4 c5 14. Nxd5 Bxe5 15. fxe5 Qxd5 16. Bc4 Qe4 17. Bxf7+ Kh8 18. Qxe4 Nxe4 19. Bxe8 Nxg5 20. Bxg6 hxg6 21. Rf8+ Kh7 22. d5 b6 23. e6 Ne4 24. e7 Nd6 25. e4 Bb7 26. Rd8 Ne8 27. Rf1 Ba6 28. Rxa8 1-0